00681nam a2200217 i 4500001001000000003000900010005001700019007000300036008004100039040003000080041000800110082001900118100005000137245008900187264003600276300002700312336002700339337003400366338002800400700003500428000029470DO-SdBNP20250217100910.0ta110415s1997 dr 000 j spa d aDO-SdBNPbspacBNPHUerda hspa axxxbP438c2221 aPèrez Mèndez, Artagnan,d1929-2017eautor10aCuentos /cArtagnan Pérez Méndez ; presentación Benjamín Rodríguez Carpio. aSanto Domingo :bTaller,c1997. a30 páginas ;c28 cm. ardacontentbtexto2txt ardamedia bsin mediación2n ardacarrierbvolumen2nc1 aRodríguez Carpio, Benjamín